[Event "ARG-ch sf 98th"]
[Site "Buenos Aires"]
[Date "2023.05.06"]
[Round "8"]
[White "Campos, Matias"]
[Black "Spata, German"]
[Result "1/2-1/2"]
[WhiteElo "2158"]
[BlackElo "2364"]
[PlyCount "115"]
[EventDate "2023.04.29"]
[EventType "swiss"]
[EventRounds "9"]
[EventCountry "ARG"]
[SourceTitle "CBM 214 Extra"]
[Source "ChessBase"]
[SourceDate "2023.07.31"]
[SourceVersion "1"]
[SourceVersionDate "2023.07.31"]
[SourceQuality "1"]

1. c4 c6 2. Nc3 d5 3. cxd5 cxd5 4. d4 Nf6 5. Nf3 Qb6 6. e3 Bf5 7. Bd3 Bxd3 8. Qxd3 Nc6 9. 0-0 e6 10. b3 Be7 11. Bb2 0-0 12. Na4 Qa5 13. a3 Ne4 14. Rfc1 a6 15. Nc3 Nd6 16. Ne5 Rfc8 17. e4 dxe4 18. Nxe4 Qb6 19. Nxd6 Bxd6 20. Nc4 Qd8 21. Rd1 Ne7 22. d5 Nxd5 23. Ne3 Nxe3 24. Qxe3 Rc6 25. Rd2 Qb6 26. Qf3 Qc7 27. Rad1 f6 28. Qg4 Kh8 29. Rd3 e5 30. Qe4 Rd8 31. Rh3 h6 32. Rhd3 Be7 33. Rxd8+ Bxd8 34. Qg6 Rd6 35. Qe8+ Kh7 36. Qh5 Qd7 37. Rxd6 Qxd6 38. Qf5+ Kg8 39. Qc2 Be7 40. Qc8+ Kf7 41. Qc4+ Qe6 42. Qc2 Qd5 43. b4 b5 44. Bc1 Qc4 45. Qd1 Qd4 46. Qc2 Ke6 47. Qc8+ Kf7 48. Qc2 e4 49. g3 Qd3 50. Qa2+ Qc4 51. Qb1 Bd6 52. Be3 Be5 53. Qd1 Qd3 54. Qh5+ Kf8 55. Qg4 Qxa3 56. Qc8+ Kf7 57. Qd7+ Kg8 58. Qc8+ 1/2-1/2

[Event "ARG-ch sf 98th"]
[Site "Buenos Aires"]
[Date "2023.05.03"]
[Round "5"]
[White "Ortiz, Andres"]
[Black "Campos, Matias"]
[Result "0-1"]
[WhiteElo "1857"]
[BlackElo "2158"]
[PlyCount "54"]
[EventDate "2023.04.29"]
[EventType "swiss"]
[EventRounds "9"]
[EventCountry "ARG"]
[SourceTitle "CBM 214 Extra"]
[Source "ChessBase"]
[SourceDate "2023.07.31"]
[SourceVersion "1"]
[SourceVersionDate "2023.07.31"]
[SourceQuality "1"]

1. d4 f5 2. e4 fxe4 3. Nc3 Nf6 4. Bg5 g6 5. f3 d5 6. Qe2 Bg7 7. 0-0-0 0-0 8. fxe4 dxe4 9. Nxe4 Qd5 10. Qc4 Be6 11. Nxf6+ exf6 12. Qxd5 Bxd5 13. Bf4 c6 14. Re1 Nd7 15. c4 Bf7 16. Nf3 Rfe8 17. Bd3 f5 18. b3 Rad8 19. Rxe8+ Rxe8 20. Rd1 Nf6 21. Ne5 Nh5 22. Be3 c5 23. Bf2 cxd4 24. Nf3 Nf4 25. Bf1 Ne2+ 26. Bxe2 Rxe2 27. Rd2 Bh6 0-1

[Event "ARG-ch sf"]
[Site "Vicente Lopez"]
[Date "2016.06.29"]
[Round "6"]
[White "Arias, Juan Cruz"]
[Black "Campos, Matias"]
[Result "0-1"]
[WhiteElo "2207"]
[BlackElo "2076"]
[PlyCount "98"]
[EventDate "2016.06.25"]
[EventType "swiss"]
[EventRounds "9"]
[EventCountry "ARG"]
[SourceTitle "CBM 173 Extra"]
[Source "ChessBase"]
[SourceDate "2016.08.29"]
[SourceVersion "1"]
[SourceVersionDate "2016.08.29"]
[SourceQuality "1"]

1. d4 Nf6 2. g3 g6 3. Bg2 Bg7 4. e4 d6 5. Ne2 0-0 6. 0-0 c5 7. d5 Na6 8. Nbc3 Rb8 9. a4 Nc7 10. h3 b6 11. Be3 Nd7 12. f4 a6 13. Rb1 b5 14. axb5 Nxb5 15. Na4 a5 16. c4 Nc7 17. Bd2 Na6 18. b3 Nb4 19. Bc3 Bxc3 20. Nexc3 Nb6 21. Qe2 Bd7 22. g4 Na6 23. Nb2 Na8 24. Nd3 Rb6 25. e5 f6 26. Ne4 N8c7 27. h4 fxe5 28. fxe5 Rxf1+ 29. Bxf1 a4 30. e6 Bxe6 31. dxe6 d5 32. Ng5 dxc4 33. Qf3 Qd4+ 34. Nf2 Qf6 35. Bxc4 Qxf3 36. Nxf3 Kg7 37. Nd2 axb3 38. Rxb3 Nb4 39. Nd3 Nbd5 40. Rxb6 Nxb6 41. Nxc5 Nxc4 42. Nxc4 Kf6 43. Kf2 h5 44. g5+ Kf5 45. Kf3 Nb5 46. Ne3+ Ke5 47. Nc2 Nd6 48. Nb4 Nf5 49. Nbd3+ Kd5 0-1